Movies Quiz

Random Movies or Actor Quiz

Harrison Ford Movies Without 'The' Quiz Stats

 Plays Quiz not verified by Sporcle

Support Sporcle.
Go Orange.
Score 0/31 Timer 06:00
0 Plays Today
Year Movie Title % Correct
1977Star Wars
90.7%
1997Air Force One
72.1%
1985Witness
70.9%
1982Blade Runner
67.4%
1973American Graffiti
65.1%
1994Clear and Present Danger
65.1%
1992Patriot Games
58.1%
1979Apocalypse Now
57%
1991Regarding Henry
55.8%
2000What Lies Beneath
55.8%
2011Cowboys & Aliens
52.3%
1995Sabrina
51.2%
1998Six Days Seven Nights
51.2%
1988Working Girl
47.7%
1988Frantic
43%
2003Hollywood Homicide
41.9%
Year Movie Title % Correct
2006Firewall
39.5%
2010Morning Glory
38.4%
1990Presumed Innocent
37.2%
201342
30.2%
1978Force 10 from Navarone
27.9%
1999Random Hearts
25.6%
2010Extraordinary Measures
22.1%
2009Crossing Over
18.6%
1977Heroes
16.3%
2013Ender's Game
16.3%
1967A Time For Killing
11.6%
1979Hanover Street
11.6%
1968Journey to Shiloh
10.5%
1970Getting Straight
10.5%
2013Paranoia
10.5%

You're not logged in!

Compare scores with friends on all Sporcle quizzes.
OR
Log In

From the Vault

Big 4 4-Letter Teams Match-Up

by teddy109768

If we had our own sports team, we'd call it the Sporcle Oranges.
Remove Ads.
Support Sporcle.
Get the best of Sporcle when you Go Orange. This ad-free experience offers more features, more stats, and more fun while also helping to support Sporcle. Thank you for becoming a member.

Show Comments

Extras

Top Quizzes Today


Score Distribution

Your Account Isn't Verified!

In order to create a playlist on Sporcle, you need to verify the email address you used during registration. Go to your Sporcle Settings to finish the process.

Report this User

Report this user for behavior that violates our Community Guidelines.

Details: